Paramore Songs - Statistics

General Stats
  • This quiz has been taken 19 times
  • The average score is 52 of 79
Answer Stats
Answer Album % Correct
Ain't It Fun Paramore
94%
Hard TImes After Laughter
94%
Misery Business Riot!
94%
All I Wanted Brand New Eyes
88%
Brick By Boring Brick Brand New Eyes
88%
Decode Brand New Eyes
88%
Playing God Brand New Eyes
88%
Rose-Colored Boy After Laughter
88%
This Is Why This Is Why
88%
Emergency All We Know is Falling
81%
Fake Happy After Laughter
81%
Ignorance Brand New Eyes
81%
Monster Singles Club
81%
Pressure All We Know is Falling
81%
Still Into You Paramore
81%
26 After Laughter
75%
Caught in the Middle After Laughter
75%
C'est Comme Ca This Is Why
75%
Fast In My Car Paramore
75%
For A Pessimist, I'm Pretty Optimistic Riot!
75%
Let the Flames Begin Riot!
75%
Part II Paramore
75%
Pool After Laughter
75%
Running Out of Time This Is Why
75%
The News This Is Why
75%
The Only Exception Brand New Eyes
75%
When it Rains Riot!
75%
All We Know All We Know is Falling
69%
Careful Brand New Eyes
69%
Crave This Is Why
69%
CrushCrushCrush Riot!
69%
Figure 8 This Is Why
69%
Franklin All We Know is Falling
69%
Hate to See Your Heart Break Paramore
69%
Misguided Ghosts Brand New Eyes
69%
Moving On Paramore
69%
Now Paramore
69%
(One of Those) Crazy Girls Paramore
69%
That's What You Get Riot!
69%
Thick Skull This Is Why
69%
Where the Lines Overlap Brand New Eyes
69%
You First This Is Why
69%
Brighter All We Know is Falling
63%
Conspiracy All We Know is Falling
63%
Fences Riot!
63%
I'm Not Angry Anymore Paramore
63%
In the Mourning Singles Club
63%
Liar This Is Why
63%
Looking Up Brand New Eyes
63%
My Heart All We Know is Falling
63%
Renegade Singles Club
63%
Told You So After Laughter
63%
Whoa All We Know is Falling
63%
Big Man, Little Dignity This Is Why
56%
Daydreaming Paramore
56%
Feeling Sorry Brand New Eyes
56%
Future Paramore
56%
Hallelujah Riot!
56%
Hello Cold World Singles Club
56%
Here We Go Again All We Know is Falling
56%
Holiday Paramore
56%
Native Tongue Paramore (Deluxe Version)
56%
Proof Paramore
56%
Turn It Off Brand New Eyes
56%
Born for This Riot!
50%
Escape Route Paramore (Deluxe Version)
50%
Forgiveness After Laughter
50%
Grow Up Paramore
50%
Grudges After Laughter
50%
Never Let This Go All We Know is Falling
50%
No Friend After Laughter
50%
Tell Me How After Laughter
50%
Tell Me It's Okay Paramore (Deluxe Version)
50%
We are Broken Riot!
50%
Anklebiters Paramore
44%
Last Hope Paramore
44%
Idle Worship After Laughter
38%
Miracle Riot!
38%
Be Alone Paramore
31%
No matching quizzes found
Score Distribution
Percent of People with Each Score
Percentile by Number Answered
Your Score History
You have not taken this quiz